000 00334nam a22001217a 4500
008 160523b xxu||||| |||| 00| 0 eng d
020 _a9780781754699
020 _a9780781754699
041 _aeng
080 _a615
245 _aPharmacology physiology in anesthetic practice:
_cRobert K. Stoelting; Simon C. Hillier;
942 _2udc
_cBK
999 _c2409
_d2409